A Dunántúli ág. hitv. Evang. Egyházkerületi soproni Lyceum ..

Bibliographic Details
Format: Serial
Language:Hungarian
Published: Sopron Litfass Kárloly Könyvnyomdájában

MARC

LEADER 00000cas a22000004a 4500
001 vtls001316201
003 SK-MaSNL
005 20260221112349.0
008 180810d191u192uhu ar 0 0a0hun c
035 |a SNK000268707 
040 |a SNK  |b slo  |c SNK  |e AACR2 
041 0 |a hun 
044 |a hu  |c HU 
245 0 2 |a A Dunántúli ág. hitv. Evang. Egyházkerületi soproni Lyceum .. 
260 |a Sopron  |b Litfass Kárloly Könyvnyomdájában 
310 |a 1x ročne 
910 |a snk 
958 |a ONDV 
999 |c 74  |d 2004 
952 |0 0  |1 0  |4 0  |7 0  |a SNK  |b SNK  |d 1998-01-13  |l 0  |o snkČSC 2317/1886-1887  |p 17A0117125  |r 2005-01-02 00:00:00  |w 2026-02-21  |y PREZ 
952 |0 0  |1 0  |4 0  |7 0  |a SNK  |b SNK  |d 1998-01-13  |l 0  |o snkČSC 2317/1891-1892  |p 17A0117610  |r 2005-01-02 00:00:00  |w 2026-02-21  |y PREZ 
952 |0 0  |1 0  |4 0  |7 0  |a SNK  |b SNK  |d 1998-01-13  |l 0  |o snkČSC 2317/1892-1893  |p 17A0117679  |r 2005-01-02 00:00:00  |w 2026-02-21  |y PREZ